Statistics for Elvis test

Click here to take the quiz!

General Stats

  • This quiz has been taken 222 times
  • The average score is 7 of 15

Answer Stats

Hint Answer % Correct
Daughter's nameLisa Marie
88%
Natural hair colourblonde
79%
Middle nameAaron
77%
NicknameElvis the pelvis
76%
Place of birthTupelo , Mississippi
73%
Age at death42
73%
First movieLove me tender
71%
Profession before singingTruck Driver
46%
First single to sell over a milion copiesheartbreak hotel
44%
Famous saying with the name "Elvis"Elvis has left the building
36%
Date of deathaugust 16 1977
24%
Favorite movieRebel without a cause
8%
Awards given to him in the ArmyTwo
5%
date of birthjanuary 1935
5%
What he calls milkbutch
2%

Score Distribution

Percentile by Number Answered

Percent of People with Each Score

Your Score History

You have not taken this quiz